000 00592nam a22002171 4500
001 141917
003 ES-MaACL
005 20230906200410.0
007 t|
008 071001s1954 fr ||||0| spa d
016 7 _zIND2000946189
040 _aM-BN
_bspa
_cCDM
080 _a384:07
100 1 _aWilliams, Francis.
_9116922
245 1 4 _aLas telecomunicaciones y la prensa /
_cpor Francis Williams.
260 _aParis :
_bUnesco,
_c1954.
300 _a109 p. ;
_c24 cm.
650 1 4 _aTelecomunicaciones.
_917425
710 2 _aUnesco.
_96999
852 _aES-MaACL
_jC-9942
_bR.36931
999 _c141917
_d141917